[Event "Kolomna-ch U14"]
[Site "Kolomna"]
[Date "2010.12.09"]
[Round "9"]
[White "Yurevich, Maria"]
[Black "Soza, Mikhail"]
[Result "1-0"]
[WhiteElo "1761"]
[BlackElo "1761"]
[PlyCount "104"]
[EventDate "2010.12.01"]
[EventType "tourn"]
[EventRounds "11"]
[EventCountry "RUS"]
[SourceTitle "EXT 2022"]
[Source "ChessBase"]
[SourceDate "2021.10.06"]
[SourceVersion "1"]
[SourceVersionDate "2021.10.06"]
[SourceQuality "1"]

1. d4 d5 2. c4 e6 3. Nc3 Nf6 4. Bg5 Nbd7 5. Nf3 c6 6. cxd5 exd5 7. Rc1 Be7 8. e3 h6 9. Bh4 0-0 10. Bd3 Nb6 11. h3 Be6 12. 0-0 Nfd7 13. Bxe7 Qxe7 14. b3 Rfe8 15. Bb1 Nf6 16. Ne5 Nbd7 17. Nxd7 Qxd7 18. Na4 b6 19. Qf3 Ne4 20. Nc3 Nd2 21. Qg3 Nxf1 22. Kxf1 Bf5 23. Bxf5 Qxf5 24. Ne2 Rac8 25. Nf4 Qg5 26. Qf3 Re4 27. g3 Qf5 28. Qg2 a5 29. g4 Qd7 30. Nh5 Re6 31. Nf4 Rd6 32. g5 hxg5 33. Qxg5 Qd8 34. Qg3 Qf6 35. h4 Re8 36. Ke2 Rc8 37. h5 Kh7 38. a3 c5 39. Qg4 Rc7 40. b4 axb4 41. axb4 c4 42. Qg2 Qf5 43. Kd2 Qe4 44. Qg4 Rf6 45. Rg1 c3+ 46. Kc1 g6 47. hxg6+ fxg6 48. Qh4+ Kg7 49. Nh5+ Kf8 50. Qxf6+ Rf7 51. Qd8+ Qe8 52. Qxe8+ Kxe8 1-0

[Event "Kolomna-ch U14"]
[Site "Kolomna"]
[Date "2010.12.08"]
[Round "8"]
[White "Vyatkin, Aleksandr1111"]
[Black "Yurevich, Maria"]
[Result "0-1"]
[WhiteElo "1788"]
[BlackElo "1761"]
[PlyCount "97"]
[EventDate "2010.12.01"]
[EventType "tourn"]
[EventRounds "11"]
[EventCountry "RUS"]
[SourceTitle "EXT 2022"]
[Source "ChessBase"]
[SourceDate "2021.10.06"]
[SourceVersion "1"]
[SourceVersionDate "2021.10.06"]
[SourceQuality "1"]

1. e4 e6 2. d4 d5 3. e5 c5 4. c3 Nc6 5. Nf3 Qb6 6. Bd3 cxd4 7. cxd4 Bd7 8. Bc2 Bb4+ 9. Nc3 Nge7 10. 0-0 0-0 11. Qd3 Ng6 12. a3 Bxc3 13. Qxc3 Nce7 14. Be3 Rac8 15. Qd2 Qxb2 16. Rfc1 Qc3 17. Bxg6 Qxd2 18. Bxf7+ Rxf7 19. Bxd2 Rcf8 20. Rab1 b6 21. Bb4 Rc8 22. Rxc8+ Bxc8 23. Bxe7 Rxe7 24. Rc1 Ba6 25. h3 h6 26. Kh2 Kf7 27. a4 Ke8 28. Kg3 Kd8 29. Kg4 Rc7 30. Rxc7 Kxc7 31. Kh5 Bd3 32. Ne1 Bh7 33. g4 a5 34. g5 hxg5 35. Kxg5 Kc6 36. h4 b5 37. axb5+ Kxb5 38. h5 Kc4 39. Nf3 a4 40. h6 gxh6+ 41. Kxh6 Bf5 42. Nh4 Bh3 43. f4 a3 44. f5 Bxf5 45. Nxf5 exf5 46. e6 a2 47. e7 a1Q 48. e8Q Qxd4 49. Kg5 0-1

[Event "Kolomna-ch U14"]
[Site "Kolomna"]
[Date "2010.12.02"]
[Round "2"]
[White "Yurevich, Maria"]
[Black "Mulin, Nikina"]
[Result "1-0"]
[WhiteElo "1761"]
[BlackElo "1628"]
[PlyCount "59"]
[EventDate "2010.12.01"]
[EventType "tourn"]
[EventRounds "11"]
[EventCountry "RUS"]
[SourceTitle "EXT 2022"]
[Source "ChessBase"]
[SourceDate "2021.10.06"]
[SourceVersion "1"]
[SourceVersionDate "2021.10.06"]
[SourceQuality "1"]

1. d4 d5 2. c4 e6 3. Nc3 Nf6 4. Bg5 Be7 5. Nf3 0-0 6. e3 h6 7. Bh4 Nc6 8. Rc1 Nd7 9. Bxe7 Qxe7 10. cxd5 exd5 11. Nxd5 Qd6 12. Nc3 Re8 13. Be2 Nf6 14. h3 Bf5 15. 0-0 Ne4 16. Nxe4 Bxe4 17. Bb5 a6 18. Bxc6 Bxc6 19. Ne5 Bd5 20. b3 Rac8 21. f3 c5 22. e4 Be6 23. Nc4 Bxc4 24. Rxc4 b5 25. Rxc5 Rxc5 26. dxc5 Qxc5+ 27. Kh1 Rc8 28. Re1 Qe5 29. Re2 Qg5 30. Rd2 1-0